[Event "30th Ann"]
[Site "Taastrup DEN"]
[Date "2002.11.26"]
[Round "5"]
[White "Aagaard,J"]
[Black "Bromann,T"]
[Result "1/2-1/2"]
[WhiteElo "2371"]
[BlackElo "2366"]

1.Nf3 d5 2.c4 d4 3.b4 f6 4.d3 e5 5.a3 c5 6.g3 cxb4 7.Bg2 Nc6 8.O-O bxa3 9.Nfd2 Nh6
10.Qb3 Be7 11.c5 Nf7 12.Bd5 O-O 13.Bxa3 Bh3  1/2-1/2

[Event "ch-GRE"]
[Site "Athens GRE"]
[Date "2002.11.28"]
[Round "1"]
[White "Nikolaidis,I"]
[Black "Mihailidis,A"]
[Result "1/2-1/2"]
[WhiteElo "2495"]
[BlackElo "2205"]

1.Nf3 d5 2.c4 e6 3.g3 Nf6 4.Bg2 Be7 5.O-O O-O 6.b3 c5 7.cxd5 Nxd5 8.Bb2 Bf6
9.Nc3 Nc6 10.Qc2 b6 11.Nxd5 exd5 12.d4 Nxd4 13.Nxd4 Bxd4 14.Bxd4 cxd4 15.Rad1 Qf6
16.Qd3 Bg4 17.h3 Be6 18.Qxd4 Qxd4 19.Rxd4 Rac8 20.Rd2 g6 21.Rfd1 Rc5 22.h4 Rfc8
23.Bf3 Rc2 24.e3 Kg7 25.Kg2 Kf6 26.g4 h6 27.Kg3 R8c5 28.Kf4 a5 29.Kg3 b5
30.Be2 b4 31.Bd3 R2c3 32.Bb1 g5 33.Rd4 Ke5 34.Bd3 Rc1 35.Be2 R5c3 36.R4d2 Rxd1
37.Bxd1 f5 38.gxf5 Bxf5 39.hxg5 hxg5 40.Bf3 Rd3 41.Rxd3 Bxd3 42.Kg4 Kf6 43.Bxd5 Bb1
44.Bc6 Bxa2 45.Ba4  1/2-1/2

[Event "Hotel Opatija GM Nov"]
[Site "Rijeka CRO"]
[Date "2002.11.28"]
[Round "8"]
[White "Rukavina,J"]
[Black "Plachetka,J"]
[Result "1/2-1/2"]
[WhiteElo "2393"]
[BlackElo "2444"]

1.Nf3 d5 2.c4 e6 3.d4 Nf6 4.Nc3 c6 5.cxd5 exd5 6.Bg5 Be7 7.e3 Bf5 8.Bd3 Bxd3
9.Qxd3 Nbd7 10.O-O O-O  1/2-1/2

[Event "British Rapidplay"]
[Site "Bradford ENG"]
[Date "2002.11.30"]
[Round "2"]
[White "Summerscale,A"]
[Black "Burnett,J"]
[Result "1-0"]
[WhiteElo "2495"]
[BlackElo "2187"]

1.Nf3 d5 2.c4 e6 3.b3 Nf6 4.Bb2 Be7 5.g3 O-O 6.Bg2 a5 7.O-O c6 8.d3 a4 9.Nbd2 a3
10.Bc3 c5 11.e3 Nc6 12.Rc1 d4 13.exd4 cxd4 14.Ba1 Nb4 15.Bxd4 Nxa2 16.Ra1 Nb4
17.Nb1 e5 18.Bxe5 Nxd3 19.Bc3 Ne4 20.Bd4 Ndc5 21.Rxa3 Rxa3 22.Nxa3 Qa5 23.Nb5 Qb4
24.Qe1 Qxe1 25.Rxe1 Bf5 26.g4  1-0

[Event "TCh-CZE 2002-3"]
[Site "Czech Rep CZE"]
[Date "2002.11.30"]
[Round "3"]
[White "Gross,S"]
[Black "Kacirek,P"]
[Result "1/2-1/2"]
[WhiteElo "2351"]
[BlackElo "2305"]

1.Nf3 d5 2.c4 c6 3.d4 Nf6 4.Qb3 e6 5.g3 Nbd7 6.Nc3 Be7 7.Bg2 O-O 8.O-O b6
9.Bf4 Ba6 10.Qa4 Bxc4 11.b3 b5 12.Qa6 b4 13.bxc4 bxc3 14.c5 Qc8 15.Qd3 Ne4
16.Ne5 Nxe5 17.Bxe5 f6 18.Bf4 g5 19.Be3 f5 20.f3 Nd2 21.Bxd2 cxd2  1/2-1/2

[Event "ch-GRE"]
[Site "Athens GRE"]
[Date "2002.12.01"]
[Round "4"]
[White "Papaioannou,I"]
[Black "Halkias,S"]
[Result "1-0"]
[WhiteElo "2587"]
[BlackElo "2528"]

1.Nf3 d5 2.c4 e6 3.g3 Nf6 4.Bg2 c5 5.O-O Be7 6.d4 O-O 7.dxc5 Bxc5 8.a3 Be7
9.Nbd2 Nbd7 10.cxd5 exd5 11.Nb3 a5 12.Bf4 a4 13.Nbd4 Nc5 14.Qc2 b6 15.Nc6 Qe8
16.Nfd4 Be6 17.Qd2 Rc8 18.Nxe7+ Qxe7 19.Qb4 Nfd7 20.Rfd1 Qf6 21.Rac1 Rfd8
22.Be3 Qg6 23.Qb5 h6 24.Rc3 Ne5 25.Nxe6 fxe6 26.Qxb6 Ned7 27.Qa5 Ra8 28.Qc7 Rac8
29.Qf4 Qe8 30.Rdc1 d4 31.Bxd4 e5 32.Bxe5 Nxe5 33.Rxc5 Rxc5 34.Rxc5 Rd1+ 35.Bf1 Ng6
36.Qc4+ Kh7 37.Rc8 Rd8 38.Rxd8 Qxd8 39.Qxa4 Qd2 40.Qe4  1-0

[Event "TCh-CZE 2002-3"]
[Site "Czech Rep CZE"]
[Date "2002.12.01"]
[Round "4"]
[White "Stocek,J"]
[Black "Movsesian,S"]
[Result "0-1"]
[WhiteElo "2563"]
[BlackElo "2663"]

1.Nf3 d5 2.c4 c6 3.Qb3 Nf6 4.g3 dxc4 5.Qxc4 b5 6.Qc2 Bb7 7.Bg2 Nbd7 8.O-O c5
9.a4 a6 10.axb5 axb5 11.Rxa8 Qxa8 12.Na3 Qa6 13.b3 Be4 14.d3 Bc6 15.Bb2 e6
16.Ra1 Qb7 17.d4 Be7 18.dxc5 Bxc5 19.Bxf6 gxf6 20.b4 Be4 21.Qc3 Be7 22.Nxb5 O-O
23.Nbd4 Bxb4 24.Qb2 Rb8 25.Nc2 Bc5 26.Qxb7 Rxb7 27.Nd2 Bxg2 28.Kxg2 Rb2 29.Rc1 Nb6
30.Ne4 Be7 31.Nd4 f5 32.Nc3 Bf6 33.e3 Nc4 34.Nd1 Nxe3+ 35.Nxe3 Bxd4 36.Kf3 Kg7
37.Rd1 Rb4 38.Rd3 Bc5 39.Rc3 Ba7 40.Ra3 Bb8 41.Nc2 Rb2 42.Ne3 h5 43.h4 Kg6
44.Ra4 Rb3 45.Ke2 Bd6 46.Ng2 Rb2+ 47.Kf1 Kh6 48.Nf4 Rb4 49.Rxb4 Bxb4 50.Ke2 Bd6
51.Ng2 Kg6 52.f4 Kf6 53.Ne3 Ke7 54.Nc4 Bc5 55.Ne5 f6 56.Nc4 Kd7 57.Nd2 Kd6
58.Nc4+ Kd5 59.Nd2 e5 60.fxe5 fxe5 61.Kf3 Bf8 62.Nf1 Bh6 63.Ke2 Kd4 64.Nh2 e4
65.Nf1 f4 66.gxf4 Bxf4 67.Kf2 Ke5 68.Kg2 Kf6 69.Kf2 Kf5 70.Kg2 Kg4 71.Kf2 Kxh4
72.Kg2 Kg4 73.Kf2 h4 74.Kg2 h3+ 75.Kh1 Kf3 76.Kg1 Ke2  0-1

[Event "ch-POL sf"]
[Site "Lubniewice POL"]
[Date "2002.12.01"]
[Round "2"]
[White "Tazbir,M"]
[Black "Ejsmont,K"]
[Result "1-0"]
[WhiteElo "2254"]
[BlackElo "2100"]

1.Nf3 d5 2.c4 dxc4 3.Qa4+ Bd7 4.Qxc4 Nf6 5.g3 Bc6 6.Bg2 e6 7.Nc3 Be7 8.O-O O-O
9.d4 a6 10.Qd3 b5 11.a3 Bb7 12.e4 c5 13.Rd1 cxd4 14.Nxd4 Nbd7 15.Qe2 Qc7
16.e5 Ne8 17.Bf4 Bxg2 18.Kxg2 Qb7+ 19.Qe4 Qxe4+ 20.Nxe4 Nb8 21.Rac1 g6 22.Bh6 Ng7
23.Nf6+ Kh8 24.Rc7 Bd8 25.Bxg7+ Kxg7 26.Nxe6+  1-0

[Event "Baharov Mem"]
[Site "Borovec BUL"]
[Date "2002.12.03"]
[Round "4"]
[White "Georgiev,Va"]
[Black "Besheva,S"]
[Result "0-1"]
[WhiteElo "2136"]
[BlackElo "2142"]

1.Nf3 d5 2.c4 e6 3.b3 Nf6 4.Bb2 Be7 5.e3 O-O 6.Nc3 c6 7.Qc2 Nbd7 8.d3 Re8
9.g3 b6 10.Bg2 Bb7 11.O-O Rc8 12.e4 dxe4 13.dxe4 e5 14.Rad1 Qc7 15.Qe2 Rcd8
16.Rd2 Nf8 17.Rfd1 N6d7 18.a3 a5 19.Na2 f6 20.b4 axb4 21.axb4 Ra8 22.Bc3 Ra3
23.Bh3 Nb8 24.Rd3 Ra8 25.Qb2 Bc8 26.Bxc8 Qxc8 27.b5 cxb5 28.cxb5 Qc4 29.R1d2 Qxe4
30.Qb3+ Kh8 31.Qf7 Qg6 32.Qd5 Nbd7 33.Bb4 Bxb4 34.Nxb4 Nc5 35.Re3 Qb1+ 36.Rd1 Qxb4
37.Qc6 Rab8 38.Nh4 Rec8 39.Qf3 Qxb5 40.Qg4 Qa4 41.Qh5 Rd8 42.Rc1 Kg8 43.Qf3 Qd7
44.Nf5 Nfe6 45.Qg4 Nd4 46.Nh6+ Kh8 47.Qxd7 Rxd7  0-1

[Event "ch-GRE"]
[Site "Athens GRE"]
[Date "2002.12.06"]
[Round "9"]
[White "Halkias,S"]
[Black "Mastrovasilis,D"]
[Result "1-0"]
[WhiteElo "2528"]
[BlackElo "2461"]

1.Nf3 d5 2.c4 c6 3.d4 Nf6 4.Nc3 a6 5.cxd5 cxd5 6.Bg5 e6 7.e3 Be7 8.Bd3 O-O
9.O-O b5 10.Rc1 Bb7 11.Ne5 Nbd7 12.f4 Nb6 13.f5 Ne4 14.Bxe7 Qxe7 15.Bxe4 dxe4
16.f6 gxf6 17.Qg4+ Kh8 18.Qh4 b4 19.Ng4 Rg8 20.Nxf6 Rg7 21.Ne2 Nd5 22.Qh6 a5
23.Ng3 Nxf6 24.Rxf6 Rag8 25.Qf4 Bd5 26.Qe5 Rg5 27.Nf5  1-0

[Event "ch-POL sf"]
[Site "Lubniewice POL"]
[Date "2002.12.07"]
[Round "8"]
[White "Paterek,M"]
[Black "Adamski,M"]
[Result "1-0"]
[WhiteElo "2242"]
[BlackElo "2278"]

1.Nf3 d5 2.c4 dxc4 3.Na3 Nf6 4.Nxc4 e6 5.g3 Be7 6.Bg2 O-O 7.O-O c5 8.d3 Nc6
9.a3 Nd5 10.Qc2 Bf6 11.Rb1 b6 12.Bd2 Bb7 13.b4 Nd4 14.Nxd4 cxd4 15.b5 Qd7
16.a4 Rac8 17.Rfc1 e5 18.Qb3 Qe6 19.a5 Rc5 20.Rc2 Be7 21.Rbc1 Rfc8 22.Qa4 Ba8
23.axb6 axb6 24.Nb2 f5 25.Rxc5 Bxc5 26.Qa2 e4 27.Na4 Kf7 28.Nxc5 bxc5 29.Qa3 Qe7
30.dxe4 fxe4 31.Bh3 e3 32.fxe3 dxe3 33.Rf1+ Nf6 34.Bxc8 Qe4 35.Rf3 exd2 36.Qa2+ Bd5
37.Qxd2 Qb1+ 38.Rf1 Qe4 39.Kf2 Ke7 40.Bh3 Qc4 41.Qd3 Qb4 42.Rb1 Qa4 43.Bg2 Bf7
44.Qe3+ Kd6 45.Qf4+ Qxf4+ 46.gxf4  1-0

[Event "TCh-ESP"]
[Site "Mondariz ESP"]
[Date "2002.12.07"]
[Round "8"]
[White "Vallejo Pons,F"]
[Black "Giorgadze,G"]
[Result "1/2-1/2"]
[WhiteElo "2635"]
[BlackElo "2601"]

1.Nf3 d5 2.c4 e6 3.g3 g6 4.Bg2 Bg7 5.O-O Ne7 6.d4 Nbc6 7.e3 O-O 8.Na3 b6
9.Bd2 a5 10.Qb3 Ba6 11.Rac1 Nb8 12.Rfd1 Nd7 13.Qc2 c6 14.e4 Rc8 15.Bf4 Nf6
16.e5 Nd7 17.Qd2 Bxc4 18.Nxc4 dxc4 19.Rxc4 c5 20.Bg5 Qe8 21.dxc5 Nxc5 22.h4 Nc6
23.Qe3 Nd7 24.Rdc1 Ne7 25.Rxc8 Nxc8 26.Qa3 h6 27.Bf4 Ne7 28.Qd6 Nd5 29.Ne1 g5
30.hxg5 hxg5 31.Bxg5 Bxe5 32.Qa3 Nc5 33.Bh6 Bg7 34.Bxg7 Kxg7 35.Nd3 Nxd3
36.Qxd3 Qd8 37.Rd1 Qf6 38.Bxd5 Rd8 39.Qb3 exd5 40.Rxd5 a4 41.Qd1 Rxd5 42.Qxd5 Qxb2
43.Qg5+ Kf8 44.Qd8+ Kg7 45.Qg5+ Kf8 46.Qd8+  1/2-1/2

[Event "TCh-BEL 2002-3"]
[Site "Belgium BEL"]
[Date "2002.12.08"]
[Round "4"]
[White "Leenhouts,K"]
[Black "Groffen,H"]
[Result "1-0"]
[WhiteElo "2246"]
[BlackElo "2180"]

1.Nf3 d5 2.c4 c6 3.b3 Bg4 4.e3 e6 5.Bb2 Nd7 6.Be2 Ngf6 7.d3 Bd6 8.Nbd2 O-O
9.h3 Bxf3 10.Nxf3 Qa5+ 11.Kf1 Ba3 12.Qc1 Bxb2 13.Qxb2 dxc4 14.dxc4 Rad8 15.b4 Qb6
16.Rb1 a5 17.a3 axb4 18.axb4 c5 19.b5 Ne4 20.Bd3 f5 21.Ke2 Ndf6 22.Rhd1 Qa5
23.Rbc1 Ra8 24.Rc2 Qc7 25.Ra1 Rxa1 26.Qxa1 Rd8 27.Ne5 Qd6 28.Rc1 Nd7 29.Nxd7 Qxd7
30.Rd1 Nd6 31.Bc2 b6 32.Qe5 g6 33.g4 Kf7 34.gxf5 gxf5 35.e4 Qe7 36.exf5 exf5
37.f4 Re8 38.Kf3 Qb7+ 39.Qd5+ Qxd5+ 40.Rxd5 Nxc4 41.Rxf5+ Kg7 42.Rg5+ Kh6
43.Rd5 Re3+ 44.Kg4 Rc3 45.Rh5+ Kg7 46.Rxh7+ Kg8 47.Bg6 Ne3+ 48.Kg5 Nd5 49.Rd7 Rg3+
50.Kf5  1-0

[Event "TCh-ESP"]
[Site "Mondariz ESP"]
[Date "2002.12.08"]
[Round "9"]
[White "Vera,R"]
[Black "Cifuentes Parada,R"]
[Result "1/2-1/2"]
[WhiteElo "2544"]
[BlackElo "2507"]

1.Nf3 d5 2.c4 e6 3.b3 Nf6 4.g3 c5 5.Bg2 Nc6 6.O-O Be7 7.e3 O-O 8.Bb2 b6 9.Nc3 Bb7
10.cxd5 Nxd5 11.Nxd5 Qxd5 12.d4 Rad8 13.Ne5 Qd6 14.Nxc6 Bxc6 15.Qg4 cxd4
16.Bxd4 g6 17.Bxc6 Qxc6 18.Rac1 Qd5 19.Rc7 h5 20.Qe2 Rd7 21.Rfc1 Rfd8 22.Rxd7 Rxd7
23.Rc8+ Rd8 24.Rc7 Rd7 25.Rc8+ Rd8 26.Rc7 Rd7 27.Rxd7 Qxd7 28.Qf3 Qd5 29.Qxd5 exd5
30.Kf1 Kf8  1/2-1/2

[Event "ch-Balkan"]
[Site "Istanbul TUR"]
[Date "2002.12.10"]
[Round "1"]
[White "Nikolaidis,I"]
[Black "Olcayoz,A"]
[Result "1-0"]
[WhiteElo "2495"]
[BlackElo "2310"]

1.Nf3 d5 2.c4 c6 3.d4 Nf6 4.cxd5 cxd5 5.Nc3 Nc6 6.Bf4 Ne4 7.Nb1 Nb8 8.Bc1 Nf6
9.Nc3 Nc6 10.Bf4 Ne4 11.e3 Nxc3 12.bxc3 g6 13.Be5 Nxe5 14.Nxe5 a6 15.Qa4+ Bd7
16.Qb3 Qc7 17.Rb1 Rd8 18.c4 Qa5+ 19.Qb4 Qxb4+ 20.Rxb4 Bc8 21.c5 Bg7 22.f4 f6
23.Nd3 O-O 24.Kd2 e5 25.g3 Rf7 26.Bg2 e4 27.Nc1 g5 28.Ne2 Bf8 29.Rb6 Be7
30.Rhb1 Kg7 31.Bf1 h5 32.f5 Rd7 33.Nc3 Bd8 34.Be2 Bxb6 35.Rxb6 g4 36.Bd1 Rd8
37.Bb3 Rfd7 38.Ne2 h4 39.Nf4 hxg3 40.hxg3 Rh8 41.Bxd5 Rh2+ 42.Kc3 Re7 43.Be6 Re8
44.d5 Rxa2 45.Nh5+ Kf8 46.Nxf6 Rd8 47.Kd4 Rd2+ 48.Ke5 Rc2 49.Bxc8 Rxc8 50.Rxb7  1-0

[Event "10th Amitie"]
[Site "Bagneux FRA"]
[Date "2002.12.11"]
[Round "3"]
[White "Mohandesi,S"]
[Black "Zigura,O"]
[Result "1-0"]
[WhiteElo "2358"]
[BlackElo "2401"]

1.Nf3 d5 2.c4 e6 3.d4 Nf6 4.Nc3 Be7 5.Bg5 O-O 6.e3 h6 7.Bh4 Ne4 8.Bxe7 Qxe7
9.Qc2 Nxc3 10.Qxc3 dxc4 11.Bxc4 b6 12.O-O Bb7 13.Be2 Nc6 14.Rfc1 Rac8 15.a3 Nb8
16.b4 c5 17.dxc5 bxc5 18.b5 Nd7 19.Qa5 Bd5 20.Qxa7 Ra8 21.Qc7 c4 22.a4 Rfc8
23.Qf4 Nc5 24.e4 Bxe4 25.Rxc4 Bd5 26.Rcc1 Nb3 27.Rxc8+ Rxc8 28.Rb1 Qc5 29.Bd1 Na5
30.h4 Ba2 31.Rb2 Rd8 32.Rxa2 Rxd1+ 33.Kh2 f6 34.Rd2 Rxd2 35.Qxd2 Qc7+ 36.Kg1 h5
37.Qe3 e5 38.Qe4 Qd8 39.Kh2 Qc7 40.Nd2 Kf7 41.Qd5+ Kg6 42.g3 Kh7 43.Kg2 Kh8
44.Nf1 Nc4 45.Qc6 Qxc6+ 46.bxc6 Kg8 47.Ne3 Nd6 48.Nd5 Kf7 49.c7 Nc8 50.a5 Ke6
51.Nb6 Nxb6 52.axb6 Kd7 53.Kf3 f5 54.Ke3 g6 55.Kd3 Kc8 56.Kc4 Kb7 57.Kd5  1-0

[Event "10th Amitie"]
[Site "Bagneux FRA"]
[Date "2002.12.13"]
[Round "5"]
[White "Mohandesi,S"]
[Black "Payen,A"]
[Result "0-1"]
[WhiteElo "2358"]
[BlackElo "2356"]

1.Nf3 d5 2.c4 c6 3.d4 Nf6 4.Nc3 a6 5.e3 e6 6.Ne5 c5 7.Qa4+ Nbd7 8.cxd5 exd5
9.Be2 Be7 10.O-O O-O 11.f4 b5 12.Qd1 Bb7 13.Bf3 Ne4 14.Bd2 Ndf6 15.Be1 Nxc3
16.bxc3 Ne4 17.Qb1 f6 18.Nd3 c4 19.Nf2 f5 20.g4 Nxf2 21.Rxf2 fxg4 22.Bxg4 Bc8
23.Qd1 Bxg4 24.Qxg4 Bf6 25.a4 bxa4 26.Rfa2 Qe7 27.Qf3 Rfd8 28.Rxa4 Qe6 29.Ra5 g6
30.Bd2 Rd7 31.Rc5 Rb8 32.Rca5 Rb6 33.h3 Rdd6 34.Kg2 Qf5 35.R5a2 Kg7 36.Be1 Rb1
37.Rxb1 Qxb1 38.Re2 a5 39.Bg3 Rd7 40.Qg4 Qf5 41.Ra2 Ra7 42.Qd1 Qe4+ 43.Kf2 h5
44.h4 Rb7 45.Qf3 Qf5 46.Kg2 a4 47.Bf2 Ra7 48.Qh3 a3 49.Qxf5 gxf5 50.Kf3 Be7
51.Ke2 Rb7 52.Kd1 Rb1+ 53.Kc2 Rf1 54.Bg3 Kf7 55.Kd2 Rg1 56.Bf2 Rg2 57.Ke1 Bxh4
58.Rxa3 Rxf2 59.Ra7+ Ke6 60.Ra6+ Kd7 61.Ra7+ Kc6 62.Rf7 Rxf4+  0-1

[Event "Salona Rapid 1hr"]
[Site "Solin-Spilt CRO"]
[Date "2002.12.13"]
[Round "4"]
[White "Dizdarevic,E"]
[Black "Pavasovic,D"]
[Result "1-0"]
[WhiteElo "2520"]
[BlackElo "2581"]

1.Nf3 d5 2.c4 e6 3.b3 Nf6 4.e3 c5 5.cxd5 exd5 6.Bb2 Nc6 7.Be2 Bd6 8.O-O O-O
9.d4 Be6 10.dxc5 Bxc5 11.Na3 Ne4 12.Nb5 Qe7 13.Rc1 Rac8 14.Nbd4 Nxd4 15.Nxd4 Ba3
16.Bxa3 Qxa3 17.Bd3 Bd7 18.Bxe4 dxe4 19.Rc2 a5 20.Qb1 Qe7 21.Rfc1 Qe5 22.b4 b6
23.h3 Rxc2 24.Rxc2 Bb5 25.Qb2 a4 26.a3 h6 27.Qc3 Bd3 28.Rc1 f5 29.f4 Qf6
30.Qc6 Qh4 31.Qxb6 Qg3 32.Ne6 Rf6 33.Rc7 Kh7 34.Rc6 Be2 35.Qd4 Bf3 36.Qd2 Bxg2
37.Qxg2 Qxe3+ 38.Kh2 Rg6 39.Nf8+  1-0

[Event "19th WJun Girls"]
[Site "Goa IND"]
[Date "2002.12.15"]
[Round "8"]
[White "Calotescu,C"]
[Black "Makka,I"]
[Result "1/2-1/2"]
[WhiteElo "2324"]
[BlackElo "2257"]

1.Nf3 d5 2.c4 c6 3.d4 Nf6 4.e3 a6 5.Bd3 dxc4 6.Bxc4 e6 7.O-O c5 8.Qe2 cxd4
9.Rd1 Nc6 10.exd4 Be7 11.Nc3 Nb4 12.a3 Nbd5 13.Bg5 O-O 14.Ne5 Nb6 15.Bb3 Nfd5
16.Be3 Bd7 17.Nxd5 Nxd5 18.Bxd5 exd5 19.Qf3 Be6 20.Bd2 Qb6 21.Bc3 Rac8 22.Rd3 Rc7
23.Qf4 Bd6 24.Qd2 Qb5 25.Re3 f6 26.a4 Qe8 27.Nd3 Qc8 28.Rae1 Bf5 29.Bb4 Bxb4
30.Nxb4 Qd8 31.Rc3 Rxc3 32.Qxc3 a5 33.Na2 Qb6 34.Qd2 Qb3 35.Nc3 Qc2 36.Qe3 Qb3
37.h4 Bd7 38.Qf4 Bxa4 39.Re7 Be8 40.Qc7 Bf7 41.Qxb7 Qc2 42.g3 Qd2 43.Qb6 h6
44.Re2 Qd3 45.Re7 Qd2 46.Re2 Qd3 47.Re3 Qd2 48.Kg2 Kh7 49.Qxa5 Qxd4 50.Qb5 Qc4  1/2-1/2

[Event "XII It"]
[Site "Elgoibar ESP"]
[Date "2002.12.16"]
[Round "5"]
[White "Mirzoev,A"]
[Black "Baron Rodriguez,Je"]
[Result "1-0"]
[WhiteElo "2522"]
[BlackElo "2412"]

1.Nf3 d5 2.c4 e6 3.g3 Nf6 4.Bg2 dxc4 5.Qa4+ Nbd7 6.O-O a6 7.Qxc4 b5 8.Qc2 Bb7
9.a4 c5 10.Nc3 Qb6 11.d3 Be7 12.axb5 axb5 13.Rxa8+ Bxa8 14.Qb3 Bc6 15.Nd2 Bxg2
16.Kxg2 b4 17.Nce4 Qc6 18.f3 Nd5 19.Nc4 O-O 20.Bd2 Ra8 21.Rc1 f5 22.Nf2 Qa4
23.Qxa4 Rxa4 24.Nd1 Ra2 25.e4 Nc7 26.Be3 Nb5 27.f4 h6 28.Nd2 Kf7 29.h4 g5
30.exf5 exf5 31.fxg5 hxg5 32.Bxg5 Bxg5 33.hxg5 Nd4 34.Nf3 Nxf3 35.Kxf3 Kg6
36.Kf4 Ra6 37.Ne3 Rd6 38.Nxf5 Rxd3 39.Rh1 Nf8 40.Rh6+ Kf7 41.Rf6+ Kg8 42.Nh6+ Kg7
43.Rf7+ Kg6 44.Rxf8 Rd4+ 45.Ke5 Kxg5 46.Nf5 Rc4 47.Rg8+ Kh5 48.b3  1-0

[Event "19th WJun Girls"]
[Site "Goa IND"]
[Date "2002.12.16"]
[Round "9"]
[White "Karavade,E"]
[Black "Bjerke,S"]
[Result "1-0"]
[WhiteElo "2171"]
[BlackElo "2065"]

1.Nf3 d5 2.c4 e6 3.g3 Nf6 4.Bg2 Be7 5.O-O O-O 6.d4 c6 7.Qc2 Nbd7 8.Nbd2 b6
9.e4 dxe4 10.Nxe4 Bb7 11.Rd1 Rc8 12.Bf4 Nxe4 13.Qxe4 Nf6 14.Qe2 h6 15.Rab1 Bd6
16.Ne5 Qe7 17.Nd3 Bxf4 18.Nxf4 e5 19.b4 Ba6 20.Rbc1 Rc7 21.c5 g5 22.Nh3 Bc8
23.Kh1 Be6 24.a3 Bd5 25.f4 g4 26.Nf2 h5 27.h3 gxh3 28.Bxd5 Nxd5 29.Nxh3 Rd7
30.Kg2 f5 31.Nf2 bxc5 32.bxc5 Kf7 33.Kh3 Ke6  1-0

[Event "XV Carlos Torre"]
[Site "Merida MEX"]
[Date "2002.12.16"]
[Round "4"]
[White "Gonzalez,JC"]
[Black "Navarro,R"]
[Result "1-0"]
[WhiteElo "2517"]
[BlackElo "2289"]

1.Nf3 d5 2.c4 c6 3.d4 Nf6 4.Nc3 e6 5.Bg5 h6 6.Bh4 Nbd7 7.e3 Be7 8.Rc1 O-O
9.Bd3 Re8 10.O-O dxc4 11.Bxc4 Nd5 12.Bxe7 Qxe7 13.Ne4 b6 14.Ng3 Bb7 15.e4 N5f6
16.e5 Nd5 17.Ne4 Nf8 18.Nd6 Red8 19.Bxd5 cxd5 20.Qa4 a5 21.Rc3 b5 22.Qc2 b4
23.Rc7 Rd7 24.Rc5 f6 25.Rc1 fxe5 26.dxe5 Qd8 27.Qd3 Ba6 28.Qd4 Raa7 29.Qf4 Rac7
30.Nd4 Rxc5 31.Rxc5 Qb6 32.Rc6 Qa7 33.h4 Rc7 34.Rxc7 Qxc7 35.Qxf8+  1-0

[Event "XII It"]
[Site "Elgoibar ESP"]
[Date "2002.12.18"]
[Round "7"]
[White "Mirzoev,A"]
[Black "Gonzalez de la Torre,S"]
[Result "1/2-1/2"]
[WhiteElo "2522"]
[BlackElo "2399"]

1.Nf3 d5 2.c4 c6 3.b3 Bf5 4.g3 e6 5.Bg2 Be7 6.O-O Nd7 7.Bb2 Bf6 8.d4 Ne7
9.Nc3 O-O 10.Re1 Qb6 11.e4 dxe4 12.Nxe4 Bxe4 13.Rxe4 Rfd8 14.Qc2 a5 15.a3 Nf5
16.Rd1 g6 17.Re2 Rac8 18.Red2 Bg7 19.Rd3 h5 20.Bh3 Nf6 21.Qe2 Re8 22.Ne5 Rcd8
23.Qc2 Qc7 24.R3d2 Nd7 25.Nf3 Nf6 26.Re2 Ng4 27.Bxg4 hxg4 28.Ne5 Bxe5 29.dxe5 Rxd1+
30.Qxd1 Rd8 31.Rd2 Rxd2 32.Qxd2 c5 33.Qd1 Qb6 34.Bc3 Nd4 35.Bxd4 cxd4 36.b4 axb4  1/2-1/2

[Event "Rotary Open"]
[Site "Lindsborg Kansas USA"]
[Date "2002.12.19"]
[Round "3"]
[White "Nambiar,V"]
[Black "Baginskaite,C"]
[Result "0-1"]
[WhiteElo "2246"]
[BlackElo "2365"]

1.Nf3 d5 2.c4 e6 3.b3 c5 4.g3 Nc6 5.cxd5 exd5 6.d4 Qb6 7.Bb2 cxd4 8.Bg2 Bb4+
9.Kf1 Bc5 10.Ne1 Nf6 11.Nd3 Bd6 12.Nd2 O-O 13.Rc1 Bf5 14.Nf3 Ne4 15.Rxc6 bxc6
16.Nxd4 Bg6 17.e3 Qa6 18.Kg1 c5 19.Ne2 Nxg3 20.hxg3 Qxd3 21.Qxd3 Bxd3 22.Nc3 d4
23.Ne4 Be7 24.exd4 cxd4 25.Bxd4 Rad8 26.Bxa7 Bxe4 27.Bxe4 Rd1+ 28.Kg2 Rxh1
29.Kxh1 Rd8 30.a4 Bb4 31.Bb6 Rd2 32.Kg2 Kf8 33.Kf3 Ke7 34.Be3 Rd7 35.Ke2 g6
36.Bd3 f6 37.Bb5 Rc7 38.Bc4 g5 39.Bb6 Rc8 40.a5 Kd6 41.a6 h5 42.Bd4 Rf8 43.a7 Bc5
44.Bxf6 g4 45.a8=Q Rxa8 46.b4 Bxf2 47.Kxf2 Rf8 48.Bb5 Rxf6+ 49.Kg2 Kc7 50.Bc4 Kb6
51.Bd3 Rd6 52.Bf1 Rd2+ 53.Kg1 Rb2  0-1

[Event "XV Carlos Torre"]
[Site "Merida MEX"]
[Date "2002.12.19"]
[Round "7"]
[White "Szekely,P"]
[Black "Huerta,R"]
[Result "1/2-1/2"]
[WhiteElo "2417"]
[BlackElo "2288"]

1.Nf3 d5 2.c4 e6 3.g3 c6 4.Qc2 b5 5.b3 a5 6.Bg2 a4 7.cxb5 cxb5 8.bxa4 bxa4
9.O-O Nf6 10.a3 Be7 11.Bb2 O-O 12.d3 Bb7 13.Rc1 Nc6 14.Nbd2 Qa5 15.Rab1 Qa7
16.e3 Rac8 17.Qd1 Nd7 18.Bf1 Bd6 19.d4 Nb6 20.Ne5  1/2-1/2

[Event "16th Masters"]
[Site "Clichy FRA"]
[Date "2002.12.20"]
[Round "7"]
[White "Collas,D"]
[Black "Kirszenberg,M"]
[Result "1-0"]
[WhiteElo "2402"]
[BlackElo "2232"]

1.Nf3 d5 2.c4 c6 3.e3 Nf6 4.b3 Bf5 5.Bb2 e6 6.Be2 h6 7.O-O Be7 8.d3 O-O 9.a3 a5
10.Nbd2 Nbd7 11.Qc2 Bh7 12.Rfc1 Re8 13.Nf1 Bf8 14.Ng3 Qb8 15.Qd1 Rd8 16.cxd5 Nxd5
17.Bf1 Be7 18.Qc2 Bf6 19.Nh5 Bxb2 20.Qxb2 N7f6 21.Ng3 Ne7 22.d4 Nf5 23.b4 axb4
24.axb4 Rxa1 25.Rxa1 Nd6 26.b5 cxb5 27.Bxb5 Nxb5 28.Qxb5 Be4 29.Ne5 Qc7 30.Nxe4 Nxe4
31.g3 Nd6 32.Qb3 Rc8 33.h4 h5 34.Kg2 g6 35.Qb4 Kg7 36.Rb1 f6 37.Nd3 Qc6+
38.Kg1 Qd5 39.Nf4 Qc6 40.Nxe6+ Kf7 41.Nc5 b5 42.Qb3+ Kg7 43.Ra1 Ra8 44.Rxa8 Qxa8
45.Qe6 Qd8 46.Qd5 Qe7 47.Kg2 f5 48.Kf1 Kf6 49.Ke2 Kg7 50.Kd3 Kf6 51.f3 Kg7
52.e4 fxe4+ 53.fxe4 Kh7 54.Qe6 Qxe6 55.Nxe6 Kg8 56.Ng5 Kf8 57.Kc3 Ke7 58.Kb4 Kd7
59.Kc5 Ke7 60.d5 Kd7 61.e5 Nf5 62.Ne4 Ne3 63.Nf6+ Ke7 64.Kxb5 Nf5 65.Ne4  1-0

[Event "Rotary Open"]
[Site "Lindsborg Kansas USA"]
[Date "2002.12.20"]
[Round "4"]
[White "Kraai,J"]
[Black "Baginskaite,C"]
[Result "1-0"]
[WhiteElo "2449"]
[BlackElo "2365"]

1.Nf3 d5 2.c4 e6 3.cxd5 exd5 4.g3 Nf6 5.Bg2 c6 6.O-O Bg4 7.h3 Bh5 8.d3 Bc5
9.Qc2 Nbd7 10.e4 O-O 11.Nbd2 dxe4 12.dxe4 Re8 13.b3 Qc7 14.Kh2 Bxf3 15.Bxf3 Bd4
16.Rb1 Ne5 17.Be2 c5 18.b4 c4 19.f4 c3 20.fxe5 Bxe5 21.Nc4 Bxg3+ 22.Kg2 Nxe4
23.Ne3 Bh2 24.Rf3 Rad8 25.Rb3 Ng5 26.Rxc3 Qb8 27.Ng4 Nxf3 28.Rxf3 Be5 29.Bc4 Rd7
30.Qf5 Qc7 31.Bb5 Ree7 32.Bxd7 Qxc1 33.Nxe5 Qb2+ 34.Rf2 Qxe5 35.Qxe5 Rxe5
36.Ba4 Kf8 37.Bb3 f6 38.Rc2 g5 39.Kf3 Rb5 40.a3 a5 41.Rc5  1-0

[Event "Christmas Open"]
[Site "Zadar CRO"]
[Date "2002.12.20"]
[Round "7"]
[White "Mandekic,I"]
[Black "Feletar,D"]
[Result "0-1"]
[WhiteElo "2248"]
[BlackElo "2420"]

1.Nf3 d5 2.c4 d4 3.g3 c5 4.Bg2 Nc6 5.O-O e5 6.d3 f6 7.e3 Bg4 8.h3 Be6 9.exd4 cxd4
10.a3 a5 11.Nbd2 Nh6 12.Re1 Be7 13.Nb3 Nf7 14.Rb1 Qd7 15.Kh2 O-O 16.Na1 Rab8
17.Qc2 Rfc8 18.b3 b5 19.Nd2 Nfd8 20.Bb2 Kh8 21.Qd1 Rb6 22.Nc2 Rcb8 23.Ba1 Bf8
24.Qf3 Kg8 25.Qe4 Qc8 26.Rbc1 bxc4 27.bxc4 Nb7 28.Qe2 Nc5 29.Ne4 Rb3 30.Nxc5 Bxc5
31.f4 Bf5 32.Rcd1 Bd6 33.Qf3 e4 34.Rxe4 Bxe4 35.Qxe4 Ne7 36.Nxd4 Rb1 37.Rxb1 Rxb1
38.Nb5 Bc5 39.Bd4 Bxd4 40.Qxd4 h6 41.g4 Qb8 42.Kg3 Kf8 43.h4 h5 44.Nd6 hxg4
45.c5 Qb3 46.Qe4 g6 47.Qd4 Qe6 48.Kh2 Rc1 49.Ne4 Kg7 50.Qb2 Rd1 51.Qb6 g3+
52.Nxg3 Qg4 53.Qb2 Qxh4+ 54.Bh3 Qxf4  0-1

[Event "TCh-BEL 2002-3"]
[Site "Belgium BEL"]
[Date "2002.12.23"]
[Round "5"]
[White "Van Mechelen,J"]
[Black "Nezar,M"]
[Result "1/2-1/2"]
[WhiteElo "2305"]
[BlackElo "2320"]

1.Nf3 d5 2.c4 c6 3.b3 Bg4 4.Bb2 Nd7 5.e3 e6 6.Be2 Ngf6 7.Nc3 Bd6 8.cxd5 cxd5
9.Nd4 Bxe2 10.Qxe2 a6 11.f4 Qe7 12.O-O Ba3 13.Bxa3 Qxa3 14.b4 Qxb4 15.Rab1 Qd6
16.Rxb7 Nc5 17.Rb2 O-O 18.Rfb1 Rfb8 19.Qd1 h6 20.Na4 Nfd7 21.Qc2 Rc8 22.Nb6 Nxb6
23.Rxb6 Qd7 24.Qd1 Ra7 25.Rb8 Rc7 26.Rxc8+ Qxc8 27.Rc1 Ne4 28.Rxc7 Qxc7 29.Nf3 Qb6
30.Qb3 Qc5 31.Qb8+ Kh7 32.Qb2 a5 33.Kf1 Qc4+ 34.Ke1 f6 35.Qa3 Qb5 36.Qb3  1/2-1/2

[Event "TSGM Dec"]
[Site "Belgrade YUG"]
[Date "2002.12.23"]
[Round "3"]
[White "Arsovic,Z"]
[Black "Weinzettl,E"]
[Result "1-0"]
[WhiteElo "2410"]
[BlackElo "2354"]

1.Nf3 d5 2.c4 c6 3.e3 Nf6 4.Nc3 g6 5.d4 Bg7 6.Be2 O-O 7.O-O dxc4 8.Bxc4 Bg4
9.Be2 Nbd7 10.h3 Bxf3 11.Bxf3 e5 12.d5 cxd5 13.Bxd5 Nxd5 14.Qxd5 Qc8 15.e4 Nb6
16.Qb3 Qc4 17.Be3 Rfd8 18.Rfd1 Bf8 19.Rac1 Rac8 20.g4 h6 21.Kg2 Kg7 22.Qxc4 Nxc4
23.Rxd8 Rxd8 24.Nd5 Nxe3+ 25.fxe3 Bd6 26.h4 f6 27.Rf1 Rf8 28.h5 Rf7 29.Rf2 Rf8
30.Kf1 Rf7 31.Ke2 Bc7 32.Rf1 Bd8 33.b4 g5 34.Rc1 Rd7 35.Rc8 Kf7 36.b5 Kg7
37.Ra8 Bb6 38.Rc8 Bd8 39.a4 Kf7 40.Ra8 Bb6 41.Rh8 Kg7 42.Rh7+ Kxh7 43.Nxf6+ Kg7
44.Nxd7 Bc7 45.Nc5  1-0

[Event "Open"]
[Site "Pamplona ESP"]
[Date "2002.12.23"]
[Round "4"]
[White "Cortes Bueno,JJ"]
[Black "Campos Moreno,J"]
[Result "1-0"]
[WhiteElo "2302"]
[BlackElo "2475"]

1.Nf3 d5 2.c4 e6 3.d4 Nf6 4.Nc3 Nbd7 5.Bg5 Bb4 6.Rc1 dxc4 7.Qa4 c5 8.a3 Bxc3+
9.Rxc3 cxd4 10.Nxd4 O-O 11.Qxc4 Nb6 12.Qd3 Na4 13.Rc2 e5 14.Nb5 Be6 15.e4 Qxd3
16.Bxd3 Bb3 17.Rd2 Rfd8 18.Bxf6 gxf6 19.Ke2 Rd7 20.Rc1 Rad8 21.Rc7 Rxc7 22.Nxc7 Nc5
23.Bb1 Bc4+ 24.Ke3 Rxd2 25.Kxd2 Kf8 26.b4 Nd7 27.Bd3 Nb6 28.Kc3 Bxd3 29.Kxd3 a6
30.Nd5 Nxd5 31.exd5 f5 32.f3 Ke7 33.Kc4 Kd6 34.a4 b6 35.g4 f4 36.b5 a5 37.g5  1-0